header

The caldron of consciousness (Record no. 2741)

MARC details
000 -LEADER
fixed length control field 01536nam a2200397 a 4500
082 04 - DEWEY DECIMAL CLASSIFICATION NUMBER
Classification number 153
245 04 - TITLE STATEMENT
Title The caldron of consciousness
260 ## - PUBLICATION, DISTRIBUTION, ETC. (IMPRINT)
Place of publication Amsterdam ;
-- [Great Britain] :
Name of publisher John Benjamins Pub,
Year of publication 2000.
300 ## - PHYSICAL DESCRIPTION
Number of Pages xxii, 276 p. :
Other physical details ill.
490 1# - SERIES STATEMENT
Series statement Advances in consciousness research,
650 #0 - SUBJECT ADDED ENTRY--TOPICAL TERM
Topical Term Consciousness.
Topical Term Emotions.
Topical Term Motivation (Psychology)
Topical Term Self-organizing systems.
700 1# - ADDED ENTRY--PERSONAL NAME
Personal name Ellis, Ralph D.
Personal name Newton, Natika.
856 40 - ELECTRONIC LOCATION AND ACCESS
Uniform Resource Identifier http://site.ebrary.com/lib/rucke/Doc?id=5000271

No items available.

© 2026 Rongo University
Contact us: librarian | system librarian | Rongo university